000 00659nas a2200253 4500
001 BR9211586
003 BR-BrBNA
005 20231205093509.0
007 ta
008 230509b bl.|||p| |||| 00| 00por d
040 _aBR-BrBNA
_bpor
_cBiblioteca Nacional de Agricultura
041 _a(Pt)
072 _aL01
100 1 _aLuccas, S.
245 1 _aBom para a cabra, bom para o bode
650 _aCABRA
650 _aBODE
650 _aCRIACAO
650 _aPRODUCAO LEITEIRA
650 _aPRATICO
773 0 _tGuia Rural (Brazil)
_x
_g(Nov 1988), v. 2(11) p. 46-49
_wBR9211586
909 _a202311
_bLúcia
_c55
_dLúcia Elande
942 _2AGRIS
_n0
_cANA
999 _c138795
_d138795